000 00990nam a2200277Ia 4500
003 OSt
005 20221005105810.0
006 a|||||r|||| 00| 0
007 ta
008 221004b |||||||| |||| 00| 0 hin d
020 _a9789380458250 (hbk)
_cIndian Rupees 300
024 _a33861
037 _bGift, 05/10/2017,
_cTextual
040 _aCRL
_cCRL
_bhin
041 _2hin
_ahin
082 _aO152,3N444:g, Q1
100 _aवनजा, के., ले.
245 0 _aचित्रा मुद्गलः एक मूल्यांकन
246 _aChitrā mudgalah ek mūlyāankana
260 _aनई दिल्ली
_bसामयिक बुक्स भारत
_c2011
300 _aु191पृ0
_ccm.
650 _a हिन्दी साहित्य
650 _aहिन्दी कहानी
942 _hO152,3N444:g, Q1
_cTEXL
_2cc
999 _c1016935
_d1016935